[Event "GER-ch Net blitz sf"]
[Site "Playchess.com INT"]
[Date "2021.06.05"]
[Round "9"]
[White "Wend, Uwe"]
[Black "Perner, Bastian"]
[Result "0-1"]
[WhiteElo "2058"]
[BlackElo "1851"]
[PlyCount "92"]
[EventDate "2021.06.05"]
[EventType "swiss (blitz)"]
[EventRounds "13"]
[EventCountry "GER"]
[SourceTitle "EXT 2023"]
[Source "ChessBase"]
[SourceDate "2022.10.05"]
[SourceVersion "1"]
[SourceVersionDate "2022.10.05"]
[SourceQuality "1"]

1. e4 e6 2. d4 d5 3. exd5 exd5 4. Nf3 Bd6 5. Bd3 Nf6 6. 0-0 0-0 7. c3 c5 8. Bg5 h6 9. Bh4 Bg4 10. Nbd2 Re8 11. Re1 Rxe1+ 12. Qxe1 Nc6 13. Ne5 Be6 14. Ndf3 cxd4 15. Nxd4 Nxd4 16. cxd4 Rc8 17. Qd2 Ne4 18. Bxe4 Qxh4 19. Bf3 b6 20. Re1 Qd8 21. g3 Qc7 22. Bg2 Qc2 23. Qf4 Qxb2 24. h4 Bxe5 25. Rxe5 Qxa2 26. Qe3 Qc4 27. Kh2 Qc1 28. Qb3 Qc4 29. Qe3 Qc3 30. Qf4 Rc4 31. Bxd5 Rxd4 32. Re4 Rxe4 33. Qxe4 Bxd5 34. Qxd5 Qc7 35. Kh3 a5 36. f4 a4 37. Qe4 Qd7+ 38. Kg2 a3 39. Qa8+ Kh7 40. Qxa3 g6 41. Qb3 Qe6 42. Qb4 Qd5+ 43. Kh3 b5 44. Qe7 h5 45. Qf8 b4 46. Qxb4 Qh1# 0-1

[Event "GER-ch Net blitz qual4"]
[Site "Playchess.com INT"]
[Date "2021.05.10"]
[Round "5"]
[White "Foerster, Erik"]
[Black "Perner, Bastian"]
[Result "1-0"]
[WhiteElo "2163"]
[BlackElo "1810"]
[PlyCount "157"]
[EventDate "2021.05.10"]
[EventType "swiss (blitz)"]
[EventRounds "11"]
[EventCountry "GER"]
[SourceTitle "CBM 202 Extra"]
[Source "ChessBase"]
[SourceDate "2021.07.31"]
[SourceVersion "1"]
[SourceVersionDate "2021.07.31"]
[SourceQuality "1"]

1. Nf3 d5 2. g3 Nf6 3. Bg2 e6 4. 0-0 Bd6 5. d4 0-0 6. c4 dxc4 7. Qc2 Nc6 8. Qxc4 e5 9. dxe5 Nxe5 10. Nxe5 Bxe5 11. Nc3 Qe7 12. Bg5 Be6 13. Qh4 h6 14. Be3 c6 15. Ne4 Nd5 16. Qxe7 Nxe7 17. Bc5 Rfe8 18. Ba3 Bd5 19. Rad1 b6 20. Rd2 f5 21. Nd6 Bxd6 22. Bxd6 Bxg2 23. Kxg2 Nd5 24. e3 Rad8 25. Rxd5 cxd5 26. Bb4 d4 27. exd4 Rxd4 28. Bc3 Rd3 29. h4 Kf7 30. Rc1 Re2 31. Kg1 g5 32. hxg5 hxg5 33. Kf1 Re7 34. Bb4 Red7 35. Rc8 Rd1+ 36. Kg2 Rd8 37. Rc7+ R1d7 38. Rc6 Rd4 39. Bc3 R4d6 40. Rc7+ R8d7 41. Rc8 a5 42. Rh8 Kg6 43. Rg8+ Kh6 44. Rh8+ Rh7 45. Rf8 Rd5 46. Rf6+ Kh5 47. Rxb6 Rh6 48. Rb7 f4 49. Rg7 fxg3 50. Kxg3 Re6 51. Ra7 Kg6 52. Bxa5 Ree5 53. Bc3 Rd3+ 54. Kg2 Rc5 55. a4 Kf5 56. a5 Kg4 57. a6 Rf5 58. Ra8 Rdf3 59. Bd4 Ra5 60. a7 Rf7 61. Rb8 Raxa7 62. Bxa7 Rxa7 63. b4 Kf5 64. b5 Ra4 65. b6 Rb4 66. b7 Kg6 67. Rg8+ Kh5 68. b8Q Rc4 69. Qh2+ Rh4 70. Rh8+ Kg4 71. Qg3+ Kf5 72. Rxh4 gxh4 73. Qxh4 Kg6 74. Qf4 Kh5 75. Qg3 Kh6 76. Qg4 Kh7 77. Kf3 Kh6 78. Kf4 Kh7 79. Kf5 1-0

[Event "GER-ch Net blitz qual4"]
[Site "Playchess.com INT"]
[Date "2021.05.10"]
[Round "10"]
[White "Kull, Florian"]
[Black "Perner, Bastian"]
[Result "0-1"]
[WhiteElo "2056"]
[BlackElo "1810"]
[PlyCount "104"]
[EventDate "2021.05.10"]
[EventType "swiss (blitz)"]
[EventRounds "11"]
[EventCountry "GER"]
[SourceTitle "CBM 202 Extra"]
[Source "ChessBase"]
[SourceDate "2021.07.31"]
[SourceVersion "1"]
[SourceVersionDate "2021.07.31"]
[SourceQuality "1"]

1. c4 Nf6 2. Nc3 e6 3. e4 d5 4. e5 Nfd7 5. d4 dxc4 6. Bxc4 c5 7. Nf3 cxd4 8. Qxd4 Nc6 9. Qe4 Nb6 10. Bb5 Bd7 11. 0-0 a6 12. Bd3 Nb4 13. Rd1 Nxd3 14. Rxd3 Qc7 15. Be3 Bc6 16. Qg4 Nd5 17. Nxd5 Bxd5 18. Rc1 Qd7 19. Bb6 Rc8 20. Rdc3 Rxc3 21. Rxc3 Bc6 22. h4 Qd1+ 23. Kh2 h6 24. Qc4 Qd5 25. Qxd5 exd5 26. Nd4 Kd7 27. f4 g6 28. g4 Be7 29. Kg3 h5 30. f5 hxg4 31. e6+ fxe6 32. fxe6+ Ke8 33. Nxc6 bxc6 34. Rxc6 Bxh4+ 35. Kxg4 Ke7 36. Bc5+ Kf6 37. e7+ Kf7 38. Rxa6 Bxe7 39. Bd4 Rh4+ 40. Kg3 Rxd4 41. Ra7 Rd3+ 42. Kg4 Rd2 43. b3 d4 44. b4 Rb2 45. a3 d3 46. Rd7 d2 47. Kf3 Ke6 48. Rd3 Bg5 49. Ke2 Ra2 50. b5 Ra1 51. Rxd2 Bxd2 52. Kxd2 Rxa3 0-1

[Event "GER-ch Net blitz qual3"]
[Site "Playchess.com INT"]
[Date "2021.05.07"]
[Round "5"]
[White "Beyerlein, Andreas"]
[Black "Perner, Bastian"]
[Result "1/2-1/2"]
[WhiteElo "1825"]
[BlackElo "1687"]
[PlyCount "92"]
[EventDate "2021.05.07"]
[EventType "swiss (blitz)"]
[EventRounds "11"]
[EventCountry "GER"]
[SourceTitle "CBM 202 Extra"]
[Source "ChessBase"]
[SourceDate "2021.07.31"]
[SourceVersion "1"]
[SourceVersionDate "2021.07.31"]
[SourceQuality "1"]

1. e4 e6 2. d4 d5 3. Nd2 c5 4. exd5 Qxd5 5. Ngf3 cxd4 6. Bc4 Qd6 7. 0-0 Nf6 8. Nb3 Nc6 9. Nbxd4 Nxd4 10. Nxd4 Be7 11. Re1 0-0 12. c3 a6 13. Qf3 Qc7 14. Bb3 b5 15. Bf4 Qb7 16. Nc6 Re8 17. Nxe7+ Rxe7 18. Qg3 Nh5 19. Qg5 Nxf4 20. Qxf4 Bd7 21. Re3 Bc6 22. Rg3 g6 23. Qh4 f5 24. Re1 Rae8 25. Qg5 Bd5 26. Rge3 Bxb3 27. axb3 e5 28. h4 Re6 29. h5 Qe7 30. Qxe7 R8xe7 31. hxg6 hxg6 32. Ra1 Kf7 33. Rd3 Ke8 34. f3 Rd7 35. Rxd7 Kxd7 36. Kf2 Rd6 37. Ke2 Ke6 38. Ke3 Kd5 39. Rd1+ Kc5 40. b4+ Kc6 41. Ra1 Kd5 42. Rd1+ Ke6 43. Ra1 Kf6 44. Ke2 Ke6 45. Ke3 Kf6 46. Ke2 Ke6 1/2-1/2

[Event "GER-ch Net blitz qual3"]
[Site "Playchess.com INT"]
[Date "2021.05.07"]
[Round "7"]
[White "Haus, Volker"]
[Black "Perner, Bastian"]
[Result "1/2-1/2"]
[WhiteElo "2003"]
[BlackElo "1687"]
[PlyCount "97"]
[EventDate "2021.05.07"]
[EventType "swiss (blitz)"]
[EventRounds "11"]
[EventCountry "GER"]
[SourceTitle "CBM 202 Extra"]
[Source "ChessBase"]
[SourceDate "2021.07.31"]
[SourceVersion "1"]
[SourceVersionDate "2021.07.31"]
[SourceQuality "1"]

1. d4 d5 2. Nf3 e6 3. g3 Nf6 4. Bg2 Bd6 5. 0-0 0-0 6. Nbd2 b6 7. c4 Bb7 8. cxd5 exd5 9. Qb3 Nbd7 10. Nh4 Ne4 11. Nxe4 dxe4 12. Nf5 Nf6 13. Nxd6 cxd6 14. Bg5 h6 15. Bxf6 Qxf6 16. Rac1 Rac8 17. e3 Qe6 18. Qa3 a6 19. Rc3 Rxc3 20. Qxc3 Rc8 21. Qb4 d5 22. Qb3 Qc6 23. h4 b5 24. Bh3 Rc7 25. Qa3 g6 26. b3 h5 27. Qb4 Kg7 28. a4 bxa4 29. bxa4 Bc8 30. Bxc8 Rxc8 31. Qe7 Rc7 32. Qe5+ Kh7 33. Rb1 Rb7 34. Rxb7 Qxb7 35. Kg2 Qd7 36. a5 Qd8 37. Qf4 Qd7 38. Qb8 Qf5 39. Qf4 Qxf4 40. gxf4 Kg7 41. f3 f5 42. fxe4 fxe4 43. Kg3 Kf6 44. Kh3 Kf5 45. Kg3 Kf6 46. Kh3 Kf5 47. Kg3 Ke6 48. Kf2 Kf5 49. Kg3 1/2-1/2

[Event "GER-ch Net blitz qual3"]
[Site "Playchess.com INT"]
[Date "2021.05.07"]
[Round "1"]
[White "Perner, Bastian"]
[Black "Halt, David"]
[Result "0-1"]
[WhiteElo "1687"]
[BlackElo "2014"]
[PlyCount "86"]
[EventDate "2021.05.07"]
[EventType "swiss (blitz)"]
[EventRounds "11"]
[EventCountry "GER"]
[SourceTitle "CBM 202 Extra"]
[Source "ChessBase"]
[SourceDate "2021.07.31"]
[SourceVersion "1"]
[SourceVersionDate "2021.07.31"]
[SourceQuality "1"]

1. e4 e5 2. Nf3 Nc6 3. Bc4 Nf6 4. Ng5 d5 5. exd5 Na5 6. Bb5+ c6 7. dxc6 bxc6 8. Bd3 Nd5 9. Nf3 Bd6 10. 0-0 0-0 11. Re1 f5 12. Nxe5 Qf6 13. Nf3 g5 14. c4 Nf4 15. Bf1 g4 16. d4 gxf3 17. Qxf3 Ng6 18. Bd2 Nb7 19. Bc3 Bd7 20. d5 Ne5 21. Qg3+ Ng4 22. Bxf6 Bxg3 23. hxg3 Nxf6 24. Nc3 Rfe8 25. Bd3 Nc5 26. Bc2 Nce4 27. Nxe4 Nxe4 28. Re3 cxd5 29. cxd5 Rac8 30. Bb3 Kg7 31. Rae1 Nf6 32. Re7+ Rxe7 33. Rxe7+ Kg6 34. f3 Re8 35. d6 Rxe7 36. dxe7 Ne8 37. Kf2 Kf6 38. Bg8 h6 39. Ke3 Kxe7 40. Kf4 Kf6 41. Bb3 Be6 42. Ba4 Nc7 43. a3 Nd5# 0-1

[Event "GER-ch Net blitz qual3"]
[Site "Playchess.com INT"]
[Date "2021.05.07"]
[Round "4"]
[White "Perner, Bastian"]
[Black "Horn, Sven"]
[Result "0-1"]
[WhiteElo "1687"]
[BlackElo "1936"]
[PlyCount "58"]
[EventDate "2021.05.07"]
[EventType "swiss (blitz)"]
[EventRounds "11"]
[EventCountry "GER"]
[SourceTitle "CBM 202 Extra"]
[Source "ChessBase"]
[SourceDate "2021.07.31"]
[SourceVersion "1"]
[SourceVersionDate "2021.07.31"]
[SourceQuality "1"]

1. e4 c5 2. Nf3 d6 3. Bb5+ Bd7 4. Qe2 a6 5. Bxd7+ Qxd7 6. 0-0 Nc6 7. c3 g6 8. d4 cxd4 9. Nxd4 Bg7 10. Be3 Nf6 11. Nxc6 bxc6 12. Bd4 0-0 13. f3 e5 14. Bf2 Rab8 15. Rd1 Qe6 16. b3 Rfd8 17. c4 d5 18. cxd5 cxd5 19. exd5 Nxd5 20. Qc4 Rbc8 21. Qe4 f5 22. Qe1 Nf4 23. Na3 Nd3 24. Qe2 Nxf2 25. Qxf2 e4 26. Rxd8+ Rxd8 27. Qe1 Bxa1 28. Qxa1 exf3 29. gxf3 Qe2 0-1

[Event "GER-ch Net blitz qual3"]
[Site "Playchess.com INT"]
[Date "2021.05.07"]
[Round "2"]
[White "Perner, Bastian"]
[Black "Meister, Hubert"]
[Result "1-0"]
[WhiteElo "1687"]
[BlackElo "1389"]
[PlyCount "115"]
[EventDate "2021.05.07"]
[EventType "swiss (blitz)"]
[EventRounds "11"]
[EventCountry "GER"]
[SourceTitle "CBM 202 Extra"]
[Source "ChessBase"]
[SourceDate "2021.07.31"]
[SourceVersion "1"]
[SourceVersionDate "2021.07.31"]
[SourceQuality "1"]

1. e4 e5 2. Nf3 Nf6 3. d4 d6 4. dxe5 dxe5 5. Qxd8+ Kxd8 6. Nxe5 Be6 7. Bg5 Be7 8. Bd3 Nc6 9. Nxc6+ bxc6 10. 0-0 Rb8 11. b3 h6 12. Bh4 g5 13. Bg3 Nh5 14. Be5 Rg8 15. Nd2 Nf4 16. Bxf4 gxf4 17. Rfd1 Kc8 18. Ba6+ Kd8 19. Nf3+ Ke8 20. Rac1 Rb6 21. Bf1 Bh3 22. c4 Bg4 23. Rd3 Ba3 24. Rc2 c5 25. Ne5 Re6 26. Nxg4 Rxg4 27. f3 Rgg6 28. Rcd2 Kf8 29. Rd8+ Kg7 30. Kf2 Rc6 31. R8d5 Bc1 32. R2d3 Be3+ 33. Ke2 Bd4 34. Rf5 a5 35. Rxf4 a4 36. b4 cxb4 37. Rxd4 b3 38. axb3 axb3 39. Rd2 Rxc4 40. Rb2 Rc2+ 41. Rxc2 bxc2 42. Kd2 Rc6 43. Kc1 Kg6 44. Rf5 f6 45. Bd3 h5 46. e5 fxe5 47. Rxe5+ Kf6 48. Rxh5 Ke6 49. Rh6+ Kd7 50. Rxc6 Kxc6 51. Kxc2 Kd6 52. Be4 c6 53. Kc3 Kc5 54. h4 Kb6 55. h5 c5 56. h6 Kb5 57. h7 c4 58. h8Q 1-0

[Event "GER-ch Net blitz qual3"]
[Site "Playchess.com INT"]
[Date "2021.05.07"]
[Round "3"]
[White "Schaper, Jan Erik"]
[Black "Perner, Bastian"]
[Result "0-1"]
[WhiteElo "1694"]
[BlackElo "1687"]
[PlyCount "112"]
[EventDate "2021.05.07"]
[EventType "swiss (blitz)"]
[EventRounds "11"]
[EventCountry "GER"]
[SourceTitle "CBM 202 Extra"]
[Source "ChessBase"]
[SourceDate "2021.07.31"]
[SourceVersion "1"]
[SourceVersionDate "2021.07.31"]
[SourceQuality "1"]

1. d4 d5 2. Bf4 e6 3. Nc3 Bd6 4. Bg3 Nf6 5. Nf3 a6 6. Ne5 c5 7. e3 Qc7 8. Be2 Nc6 9. Nxc6 Qxc6 10. Bxd6 Qxd6 11. 0-0 0-0 12. Na4 b6 13. c4 dxc4 14. dxc5 Qxd1 15. Rfxd1 b5 16. Nb6 Rb8 17. a4 Ne4 18. axb5 axb5 19. Bf3 Nxc5 20. Nxc8 Rfxc8 21. Ra5 h6 22. Ra7 Nd3 23. Be2 Rd8 24. Bxd3 Rxd3 25. Rxd3 cxd3 26. Rd7 Ra8 27. g3 Ra1+ 28. Kg2 Rd1 29. Kf3 Rd2 30. b4 Rb2 31. Rxd3 Rxb4 32. Rd8+ Kh7 33. Rd7 Kg6 34. Rb7 Kf6 35. h4 Rb2 36. g4 g5 37. h5 Kg7 38. Rb6 b4 39. Rb7 b3 40. Rb6 Rb1 41. Rb7 b2 42. Rb6 e5 43. Ke4 Rg1 44. Rxb2 Rxg4+ 45. Kxe5 Rh4 46. f4 gxf4 47. exf4 Rxh5+ 48. Ke4 f6 49. Rg2+ Kf7 50. Rc2 Rh4 51. Kf5 Rh5+ 52. Kg4 Rh1 53. Kf5 Rh5+ 54. Kg4 Ra5 55. Rh2 Kg6 56. f5+ Kg7 0-1

[Event "GER-ch Net blitz qual3"]
[Site "Playchess.com INT"]
[Date "2021.05.07"]
[Round "6"]
[White "Toellner, Uwe"]
[Black "Perner, Bastian"]
[Result "0-1"]
[WhiteElo "1937"]
[BlackElo "1687"]
[PlyCount "150"]
[EventDate "2021.05.07"]
[EventType "swiss (blitz)"]
[EventRounds "11"]
[EventCountry "GER"]
[SourceTitle "CBM 202 Extra"]
[Source "ChessBase"]
[SourceDate "2021.07.31"]
[SourceVersion "1"]
[SourceVersionDate "2021.07.31"]
[SourceQuality "1"]

1. Nf3 d5 2. d4 e6 3. Bf4 Bd6 4. Ne5 f6 5. Nd3 Bxf4 6. Nxf4 Ne7 7. e3 0-0 8. Nc3 c6 9. Be2 e5 10. Nd3 Nd7 11. 0-0 e4 12. Nf4 Nb6 13. Bg4 f5 14. Bh3 Ng6 15. Nxg6 hxg6 16. f4 g5 17. fxg5 Qxg5 18. Qe2 Nc4 19. Rf4 b5 20. b3 Nd6 21. Raf1 Rf6 22. Kh1 Be6 23. Nd1 Raf8 24. Nf2 Qh6 25. g4 g5 26. gxf5 gxf4 27. fxe6 f3 28. Qe1 Nf5 29. Rg1+ Rg6 30. e7 Nxe7 31. Be6+ Kh8 32. Rxg6 Qxg6 33. Ng4 Qxe6 34. Qh4+ Kg7 35. Qg5+ Ng6 36. Qh6+ Kf7 37. Qh7+ Ke8 38. h3 Qf7 39. Qxf7+ Rxf7 40. Nf2 Rh7 41. Kh2 Rg7 42. Kg3 Ne5+ 43. Kf4 Rg2 44. Nd1 Ng6+ 45. Kf5 Nh4+ 46. Ke6 f2 47. Nxf2 Rxf2 48. Kd6 Rf6+ 49. Kc5 Nf3 50. a4 Kd7 51. axb5 cxb5 52. Kxb5 Kc7 53. c4 dxc4 54. bxc4 Nd2 55. c5 Rh6 56. d5 Nb3 57. d6+ Kd7 58. Kc4 Na5+ 59. Kd5 Rh4 60. Ke5 Nc6+ 61. Kd5 Rxh3 62. Kxe4 a5 63. Kd3 a4 64. Kc2 Rxe3 65. Kb2 Rb3+ 66. Ka2 Ne5 67. Ka1 Nd3 68. Ka2 Nxc5 69. Ka1 Ne4 70. Ka2 Kxd6 71. Ka1 Kc5 72. Ka2 Kc4 73. Ka1 Kc3 74. Ka2 Kc2 75. Ka1 Ra3# 0-1

[Event "GER-ch Net blitz qual2"]
[Site "Playchess.com INT"]
[Date "2021.05.04"]
[Round "4"]
[White "Perner, Bastian"]
[Black "Barz, Stephan"]
[Result "1-0"]
[WhiteElo "1727"]
[BlackElo "1538"]
[PlyCount "87"]
[EventDate "2021.05.04"]
[EventType "swiss (blitz)"]
[EventRounds "11"]
[EventCountry "GER"]
[SourceTitle "CBM 202 Extra"]
[Source "ChessBase"]
[SourceDate "2021.07.31"]
[SourceVersion "1"]
[SourceVersionDate "2021.07.31"]
[SourceQuality "1"]

1. e4 e6 2. d4 d5 3. exd5 exd5 4. Bd3 Nf6 5. Nf3 Bd6 6. 0-0 0-0 7. Re1 Bg4 8. h3 Bxf3 9. Qxf3 c6 10. c3 Nbd7 11. Bg5 Qc7 12. Nd2 Rfe8 13. Bf5 a6 14. Kf1 h6 15. Bxd7 Nxd7 16. Be3 Nf6 17. Bxh6 Qd7 18. Bg5 Nh7 19. Bf4 Re6 20. Bxd6 Qxd6 21. Rxe6 Qxe6 22. Re1 Qg6 23. Nb3 Ng5 24. Qe3 Ne4 25. Nd2 Re8 26. Kg1 Nf6 27. Qxe8+ Nxe8 28. Rxe8+ Kh7 29. Nf3 f6 30. Re2 Qd3 31. Rd2 Qc4 32. a3 c5 33. dxc5 Qxc5 34. Nd4 b5 35. Re2 g6 36. Re3 f5 37. g3 Qc7 38. Kg2 Kh6 39. Re6 a5 40. Nxf5+ Kg5 41. Nd4 b4 42. axb4 axb4 43. Re3 bxc3 44. Ne6+ 1-0

[Event "GER-ch Net blitz qual1"]
[Site "Playchess.com INT"]
[Date "2021.04.24"]
[Round "8"]
[White "Niebergall, Gerhard"]
[Black "Perner, Bastian"]
[Result "1-0"]
[WhiteElo "1823"]
[BlackElo "1620"]
[PlyCount "129"]
[EventDate "2021.04.24"]
[EventType "swiss (blitz)"]
[EventRounds "11"]
[EventCountry "GER"]
[SourceTitle "CBM 202 Extra"]
[Source "ChessBase"]
[SourceDate "2021.07.31"]
[SourceVersion "1"]
[SourceVersionDate "2021.07.31"]
[SourceQuality "1"]

1. e4 e6 2. d4 d5 3. exd5 exd5 4. Nf3 Nf6 5. Bd3 c5 6. c3 Bd6 7. dxc5 Qe7+ 8. Qe2 Qxe2+ 9. Bxe2 Bxc5 10. 0-0 0-0 11. Nbd2 Nc6 12. Nb3 Bb6 13. Bg5 Ne4 14. Bf4 Re8 15. Bb5 a6 16. Bxc6 bxc6 17. Be5 Bg4 18. Bd4 c5 19. Be3 Bxf3 20. gxf3 d4 21. cxd4 cxd4 22. Nxd4 Bxd4 23. Bxd4 Nd2 24. Rfd1 Nxf3+ 25. Kg2 Nxd4 26. Rxd4 Re2 27. Rad1 h6 28. Rd8+ Rxd8 29. Rxd8+ Kh7 30. Rb8 f6 31. Kf3 Re6 32. b4 Rc6 33. a4 Rc3+ 34. Kg2 Ra3 35. a5 Ra4 36. Rb6 Kg6 37. Kf3 Kf5 38. Ke3 g5 39. Kd4 h5 40. Kc5 Ra2 41. Rxa6 Rxf2 42. b5 Rc2+ 43. Kd6 Rxh2 44. b6 Rb2 45. Kc7 h4 46. b7 h3 47. Ra8 g4 48. Rh8 Kf4 49. b8Q Rxb8 50. Kxb8 Kg3 51. a6 h2 52. a7 Kf2 53. a8Q g3 54. Qh1 f5 55. Rxh2+ gxh2 56. Qxh2+ Ke3 57. Kc7 f4 58. Qg2 f3 59. Qf1 Kf4 60. Qf2 Kg4 61. Kd6 Kf4 62. Kd5 Kg4 63. Ke4 Kh3 64. Qxf3+ Kh4 65. Qg2 1-0

[Event "GER-ch Net blitz qual1"]
[Site "Playchess.com INT"]
[Date "2021.04.24"]
[Round "9"]
[White "Perner, Bastian"]
[Black "Hausmann, Heiko"]
[Result "1-0"]
[WhiteElo "1620"]
[BlackElo "1516"]
[PlyCount "85"]
[EventDate "2021.04.24"]
[EventType "swiss (blitz)"]
[EventRounds "11"]
[EventCountry "GER"]
[SourceTitle "CBM 202 Extra"]
[Source "ChessBase"]
[SourceDate "2021.07.31"]
[SourceVersion "1"]
[SourceVersionDate "2021.07.31"]
[SourceQuality "1"]

1. e4 d5 2. exd5 Qxd5 3. Nc3 Qa5 4. d4 c6 5. Nf3 Nf6 6. Bd2 Qc7 7. Bc4 Bf5 8. 0-0 e6 9. Re1 Bd6 10. Bb3 Nbd7 11. d5 cxd5 12. Bxd5 0-0 13. Bb3 a6 14. Be3 Bf4 15. Bxf4 Qxf4 16. Qc1 Qc7 17. Qe3 Rfe8 18. Rad1 Nc5 19. Nd4 Nxb3 20. cxb3 Bg6 21. Qg3 Qa5 22. Nf3 Rac8 23. Nh4 Bh5 24. f3 Qc5+ 25. Kh1 b5 26. Re5 Qb6 27. Qe1 Rcd8 28. Rxd8 Rxd8 29. a3 b4 30. axb4 Qxb4 31. Kg1 Qxb3 32. Qe2 Qb6+ 33. Kf1 Qa5 34. Rxa5 h6 35. g4 Bg6 36. Nxg6 fxg6 37. Qxe6+ Kh7 38. Ne4 Nxe4 39. Qxe4 Rd1+ 40. Ke2 Rh1 41. Rxa6 Rxh2+ 42. Ke3 Rxb2 43. Qxg6+ 1-0

[Event "Mittelfranken-chTB1 1819"]
[Site "Mittelfranken"]
[Date "2019.03.17"]
[Round "7.3"]
[White "Heimrath, Wolfgang"]
[Black "Perner, Bastian"]
[Result "1/2-1/2"]
[WhiteElo "2095"]
[BlackElo "1851"]
[PlyCount "110"]
[EventDate "2018.10.14"]
[EventType "team-tourn"]
[EventRounds "9"]
[EventCountry "GER"]
[SourceTitle "EXT 2022"]
[Source "ChessBase"]
[SourceDate "2021.10.06"]
[SourceVersion "1"]
[SourceVersionDate "2021.10.06"]
[SourceQuality "1"]
[WhiteTeam "Fuerth SG"]
[BlackTeam "Heideck/Hilpoltstein"]
[WhiteTeamCountry "GER"]
[BlackTeamCountry "GER"]

1. e4 e5 2. Nf3 Nc6 3. Bc4 Bc5 4. 0-0 d6 5. a4 Nf6 6. d3 a6 7. c3 0-0 8. b4 Ba7 9. h3 h6 10. Qb3 Qe8 11. Na3 Be6 12. Nh4 Qd7 13. Kh2 d5 14. exd5 Bxd5 15. Be3 Ne7 16. Bxa7 Rxa7 17. Nc2 c6 18. Ne3 b5 19. Bxd5 Nfxd5 20. Rfd1 Qc7 21. Kh1 Rd8 22. Nf3 Nxe3 23. fxe3 Raa8 24. e4 g5 25. d4 Ng6 26. c4 exd4 27. Nxd4 c5 28. Nf5 bxa4 29. Qxa4 cxb4 30. Qxb4 Kh7 31. Rd5 a5 32. Qc3 Rg8 33. Rad1 Raf8 34. Rxa5 Nf4 35. Rd6 Ne6 36. Qb4 Rb8 37. Rb5 Rxb5 38. Qxb5 Rb8 39. Qd7 Rb7 40. Qxc7 Rxc7 41. Ne3 Nc5 42. e5 Ne6 43. Kg1 Rc5 44. Rd5 Kg6 45. Kf2 h5 46. Kf3 Rc7 47. Rd6 Rc5 48. Ke4 Rc7 49. Rb6 Rc5 50. Rb5 Rc8 51. Kd3 Rd8+ 52. Kc3 Nf4 53. Rb6+ Kh7 54. Rd6 Ra8 55. Rd7 Ra3+ 1/2-1/2

[Event "Mittelfranken-chTB1 1819"]
[Site "Mittelfranken"]
[Date "2018.11.04"]
[Round "2.3"]
[White "Perner, Bastian"]
[Black "Vielsaecker, Dirk"]
[Result "1/2-1/2"]
[WhiteElo "1851"]
[BlackElo "1912"]
[PlyCount "173"]
[EventDate "2018.10.14"]
[EventType "team-tourn"]
[EventRounds "9"]
[EventCountry "GER"]
[SourceTitle "EXT 2022"]
[Source "ChessBase"]
[SourceDate "2021.10.06"]
[SourceVersion "1"]
[SourceVersionDate "2021.10.06"]
[SourceQuality "1"]
[WhiteTeam "Heideck/Hilpoltstein"]
[BlackTeam "Lauf SV"]
[WhiteTeamCountry "GER"]
[BlackTeamCountry "GER"]

1. e4 e6 2. d4 d5 3. exd5 exd5 4. Bd3 Bd6 5. Nf3 Bg4 6. h3 Bh5 7. Be3 Nc6 8. Nbd2 Nge7 9. c3 Qd7 10. Qe2 Bg6 11. Nh4 Bxd3 12. Qxd3 0-0 13. 0-0 Nd8 14. c4 c6 15. a3 a5 16. Rfb1 Ne6 17. Nf5 Nf4 18. Nxe7+ Qxe7 19. Bxf4 Bxf4 20. Re1 Qd7 21. c5 Rfe8 22. a4 Re7 23. Rxe7 Qxe7 24. Nf3 Re8 25. g3 Bb8 26. Re1 Qd7 27. Qd2 Bc7 28. b4 Rxe1+ 29. Qxe1 h6 30. Kg2 axb4 31. Qxb4 Bd8 32. Qe1 Qe7 33. Qxe7 Bxe7 34. Nd2 Kf8 35. Kf3 Bd8 36. Nb3 Ke7 37. Ke3 Ke6 38. g4 f5 39. Kf4 Bc7+ 40. Kf3 Kf6 41. Nd2 Kg5 42. Nf1 fxg4+ 43. hxg4 g6 44. Ng3 h5 45. gxh5 gxh5 46. Ne2 h4 47. Ng1 Kf5 48. Nh3 Bd8 49. Nf4 Bf6 50. Ne2 Bg7 51. Ke3 h3 52. f3 Bh6+ 53. Kf2 Bf4 54. Kg1 Kg5 55. Kf2 Bc7 56. Kg1 Kh4 57. Kf2 Ba5 58. Kg1 Bb4 59. Kh2 Bd2 60. Kg1 Be3+ 61. Kh2 Bh6 62. Kg1 Bg5 63. Kh2 Bd8 64. Kg1 b6 65. cxb6 Bxb6 66. Kh2 c5 67. dxc5 Bxc5 68. a5 Bd6+ 69. Kh1 Bb8 70. a6 Kg5 71. Ng1 Kh4 72. Ne2 Kg5 73. Ng1 Kf4 74. Nxh3+ Kxf3 75. Ng5+ Kf4 76. Ne6+ Ke5 77. Nd8 Kd6 78. Kg2 Kd7 79. Nb7 Ba7 80. Na5 Kc7 81. Kf3 Kb6 82. Nb3 Kxa6 83. Ke2 Kb5 84. Kd3 Bg1 85. Nd2 Kb4 86. Ne4 Bb6 87. Nc3 1/2-1/2

[Event "Mittelfranken-chTB2b 1718"]
[Site "Mittelfranken"]
[Date "2018.04.08"]
[Round "7.2"]
[White "Luther, Helmut"]
[Black "Perner, Bastian"]
[Result "0-1"]
[WhiteElo "1959"]
[BlackElo "1828"]
[PlyCount "70"]
[EventDate "2017.10.08"]
[EventType "team-tourn"]
[EventRounds "9"]
[EventCountry "GER"]
[SourceTitle "EXT 2022"]
[Source "ChessBase"]
[SourceDate "2021.10.06"]
[SourceVersion "1"]
[SourceVersionDate "2021.10.06"]
[SourceQuality "1"]
[WhiteTeam "Nuernberg Sued SW III"]
[BlackTeam "Heideck/Hilpoltstein"]
[WhiteTeamCountry "GER"]
[BlackTeamCountry "GER"]

1. d4 d5 2. c4 e6 3. Nc3 Nf6 4. Nf3 Be7 5. Bg5 0-0 6. e3 c6 7. Bd3 dxc4 8. Bxc4 Nbd7 9. 0-0 Nd5 10. Bxe7 Qxe7 11. e4 N5b6 12. Bb3 e5 13. dxe5 Nxe5 14. Nxe5 Qxe5 15. f4 Qc5+ 16. Kh1 Be6 17. f5 Bxb3 18. axb3 Rad8 19. Qg4 f6 20. Rf3 Rd7 21. Raf1 Rfd8 22. Rh3 Rd3 23. Rxd3 Rxd3 24. Re1 Nd7 25. Qf4 Ne5 26. h3 Qd6 27. Qf2 Qd4 28. Qe2 Rd2 29. Qh5 Qd7 30. Re2 Rd3 31. Qh4 h6 32. Qe1 Qd4 33. Qa1 a6 34. Qa5 Kh7 35. Qc7 Rxc3 0-1

[Event "Mittelfranken-chTB2b 1718"]
[Site "Mittelfranken"]
[Date "2017.11.19"]
[Round "3.2"]
[White "Corral, Carlos"]
[Black "Perner, Bastian"]
[Result "1-0"]
[WhiteElo "1908"]
[BlackElo "1828"]
[PlyCount "99"]
[EventDate "2017.10.08"]
[EventType "team-tourn"]
[EventRounds "9"]
[EventCountry "GER"]
[SourceTitle "EXT 2022"]
[Source "ChessBase"]
[SourceDate "2021.10.06"]
[SourceVersion "1"]
[SourceVersionDate "2021.10.06"]
[SourceQuality "1"]
[WhiteTeam "Nuernberg Noris Tarrasch IV"]
[BlackTeam "Heideck/Hilpoltstein"]
[WhiteTeamCountry "GER"]
[BlackTeamCountry "GER"]

1. e4 e5 2. Nf3 Nc6 3. Nc3 Nf6 4. d4 exd4 5. Nxd4 Bc5 6. Nxc6 bxc6 7. Bd3 d6 8. Bg5 h6 9. Bf4 a5 10. 0-0 0-0 11. h3 Rb8 12. Na4 Ba7 13. c4 Bd4 14. Rb1 Re8 15. Re1 c5 16. Bd2 Bd7 17. Bc2 Bxa4 18. Bxa4 Rxe4 19. b3 d5 20. cxd5 Qxd5 21. Rc1 Rd8 22. Bxa5 Rxe1+ 23. Qxe1 Ne4 24. Rc2 Qf5 25. Re2 Nxf2 26. Rxf2 Bxf2+ 27. Qxf2 Rd1+ 28. Be1 Qxf2+ 29. Kxf2 Ra1 30. Bb5 Rxa2+ 31. Kf3 Ra3 32. Bc4 c6 33. Bg3 Ra1 34. Bc7 Rc1 35. Bd6 Rc3+ 36. Kf2 Rc2+ 37. Kg3 Rc3+ 38. Kh2 Re3 39. Bxc5 Re4 40. Bd3 Re5 41. b4 g6 42. Ba6 f5 43. Bc8 Kf7 44. Bd7 Re6 45. Bxe6+ Kxe6 46. Bf8 h5 47. h4 Kf6 48. Bh6 Ke5 49. Kg3 Ke4 50. Bg5 1-0